000 00273nam a2200121Ia 4500
005 20251222144733.0
008 251222s9999||||xx |||||||||||||| ||spa||
082 _a372.2/P95/1982
100 _aPulgar Vidal, Francisco
245 0 _aMúsica
264 _bDesa
942 _cLIB
999 _c18681
_d18681